People concept for reforestation at phnom chiso area samrong district takeo province, ទស្សនៈរបស់ប្រជាពលរដ្ឋចំពោះការដាំដើមឈើឡើងវិញនៅភ្នំជីសូរ ស្រុកសំរោង ខេត្តតាកែវ (Record no. 3399)

000 -LEADER
fixed length control field 00662nam a22001337a 4500
040 ## - CATALOGING SOURCE
Transcribing agency RUA
082 ## - DEWEY DECIMAL CLASSIFICATION NUMBER
Classification number FOR BRA 2010 B139 Or.1
100 ## - MAIN ENTRY--AUTHOR NAME
Personal name BRAK, ARN.
245 ## - TITLE STATEMENT
Title People concept for reforestation at phnom chiso area samrong district takeo province, ទស្សនៈរបស់ប្រជាពលរដ្ឋចំពោះការដាំដើមឈើឡើងវិញនៅភ្នំជីសូរ ស្រុកសំរោង ខេត្តតាកែវ
260 ## - PUBLICATION, DISTRIBUTION, ETC. (IMPRINT)
Place of publication Phnom Penh
Name of publisher RUA
Year of publication 2010
300 ## - PHYSICAL DESCRIPTION
Number of Pages xii; 51p.
Other physical details ill.
Dimensions 29cm.
856 ## - ELECTRONIC LOCATION AND ACCESS
Uniform Resource Identifier https://drive.google.com/file/d/1Z88VkIZo1-wc_ZTb9RTFqCB8QYVPdQxN/view?usp=sharing
942 ## - ADDED ENTRY ELEMENTS (KOHA)
Koha item type FOR
952 ## - LOCATION AND ITEM INFORMATION (KOHA)
Withdrawn status [LOCAL, KOHA] 0
952 ## - LOCATION AND ITEM INFORMATION (KOHA)
Withdrawn status [LOCAL, KOHA] 0
952 ## - LOCATION AND ITEM INFORMATION (KOHA)
Withdrawn status [LOCAL, KOHA] 0
952 ## - LOCATION AND ITEM INFORMATION (KOHA)
Withdrawn status [LOCAL, KOHA] 0
952 ## - LOCATION AND ITEM INFORMATION (KOHA)
Withdrawn status [LOCAL, KOHA] 0
952 ## - LOCATION AND ITEM INFORMATION (KOHA)
Withdrawn status [LOCAL, KOHA] 0
952 ## - LOCATION AND ITEM INFORMATION (KOHA)
Withdrawn status [LOCAL, KOHA] 0
952 ## - LOCATION AND ITEM INFORMATION (KOHA)
Withdrawn status [LOCAL, KOHA] 0
Holdings
Permanent Location Date acquired Koha item type Lost status Shelving location Barcode Current Location Full call number
Library Block B2015-11-13FOR B139RUA026468Library Block BFOR BRA 2010 B139 Or.1
Library Block B2015-11-13FOR B139RUA026396Library Block BFOR BRA 2010 B139 Or.2
Library Block B2015-11-13FOR B139RUA026553Library Block BFOR BRA 2010 B139 Or.3
Library Block B2015-11-13FOR B139RUA026699Library Block BFOR BRA 2010 B139 Or.4
Library Block B2015-11-13FOR B139RUA026771Library Block BFOR BRA 2010 B139 Or.5
Library Block B2015-11-13FOR B139RUA026981Library Block BFOR BRA 2010 B139 Or.6
Library Block B2015-11-13FOR B139RUA027564Library Block BFOR BRA 2010 B139 Or.7
Library Block B2015-11-13FOR B139RUA028761Library Block BFOR BRA 2010 B139 Or.8
មជ្ឈមណ្ឌលឯការនៃសាកលវិទ្យាល័យភូមិន្ទកសិកម្មចំការដូង

Powered by Koha